| 000 | 00420nam a2200133Ia 4500 | ||
|---|---|---|---|
| 008 | 191206s9999 xx 000 0 und d | ||
| 020 | _a195197453 | ||
| 090 | _aPA3623.A5J3 | ||
| 245 | 0 | _aGreek anthology and other ancient Greek epigrams: a selection in modern verse translations | |
| 260 | _aOxford University Press | ||
| 260 | _cc1973 | ||
| 300 | _a440 p. maps. 21 cm. | ||
| 999 |
_c16088 _d16088 |
||